[Event "ITA-chT Final 53rd"]
[Site "Montesilvano"]
[Date "2022.04.25"]
[Round "2.6"]
[White "Lapiccirella, Daniele"]
[Black "Stromboli, Carlo"]
[Result "1/2-1/2"]
[WhiteElo "2184"]
[BlackElo "2234"]
[PlyCount "63"]
[EventDate "2022.04.24"]
[EventType "team-tourn"]
[EventRounds "4"]
[EventCountry "ITA"]
[SourceTitle "CBM 207 Extra"]
[Source "ChessBase"]
[SourceDate "2022.05.31"]
[SourceVersion "1"]
[SourceVersionDate "2022.05.31"]
[SourceQuality "1"]
[WhiteTeam "Cerianese Scacchistica"]
[BlackTeam "Bologna Le Due Torri"]
[WhiteTeamCountry "ITA"]
[BlackTeamCountry "ITA"]

1. d4 d5 2. c4 e6 3. Nc3 a6 4. cxd5 exd5 5. Bf4 Nf6 6. e3 Bd6 7. Bxd6 Qxd6 8. Bd3 Bg4 9. Qc2 Nbd7 10. Nge2 Bxe2 11. Qxe2 c6 12. 0-0 0-0 13. f3 Rfe8 14. Qf2 Re7 15. Rae1 Rae8 16. Re2 c5 17. Rfe1 Kf8 18. Qh4 h6 19. Bf5 Nb8 20. dxc5 Qxc5 21. Qd4 Qxd4 22. exd4 Nc6 23. Rxe7 Rxe7 24. Rxe7 Kxe7 25. Bc8 Nd8 26. Kf2 Kd6 27. Ke3 Ne8 28. Bf5 Kc6 29. b3 Nd6 30. Bd3 Nc8 31. h4 Kd6 32. g3 1/2-1/2

[Event "ITA-chTA 53rd"]
[Site "Montesilvano"]
[Date "2022.04.19"]
[Round "1.3"]
[White "Lumachi, Gabriele"]
[Black "Stromboli, Carlo"]
[Result "1-0"]
[WhiteElo "2313"]
[BlackElo "2234"]
[PlyCount "69"]
[EventDate "2022.04.19"]
[EventType "team-tourn"]
[EventRounds "7"]
[EventCountry "ITA"]
[SourceTitle "CBM 207 Extra"]
[Source "ChessBase"]
[SourceDate "2022.05.31"]
[SourceVersion "1"]
[SourceVersionDate "2022.05.31"]
[SourceQuality "1"]
[WhiteTeam "Catania Etna Scacchi"]
[BlackTeam "Bologna Le Due Torri"]
[WhiteTeamCountry "ITA"]
[BlackTeamCountry "ITA"]

1. d4 Nf6 2. c4 e6 3. Nf3 d5 4. Nc3 a6 5. cxd5 exd5 6. Bg5 Be6 7. Bxf6 Qxf6 8. Qb3 b5 9. a4 b4 10. Nxd5 Qd8 11. e4 Bxd5 12. Qxd5 Qxd5 13. exd5 Bd6 14. a5 0-0 15. Bc4 Nd7 16. 0-0 Rfd8 17. Rfe1 Nf6 18. Ne5 Bxe5 19. Rxe5 Rd6 20. Rc1 Rad8 21. Bb3 Nxd5 22. Rc5 c6 23. Bc4 Nf6 24. Re7 Rxd4 25. g3 Nd5 26. Ra7 Rd1+ 27. Kg2 Rd2 28. Kf3 Rxb2 29. Rxc6 Rd2 30. Rd6 Rb8 31. Bxd5 Rd3+ 32. Kg2 Rc3 33. Rb6 Rd8 34. Bxf7+ Kh8 35. Rxb4 1-0

[Event "EU-ch Online 2300+ Qual"]
[Site "Chess.com INT"]
[Date "2020.05.29"]
[Round "8"]
[White "Eliseev, Evgeniy1111"]
[Black "Stromboli, Carlo"]
[Result "1-0"]
[WhiteElo "2407"]
[BlackElo "2245"]
[PlyCount "233"]
[EventDate "2020.05.29"]
[EventType "swiss"]
[EventRounds "8"]
[EventCountry "NET"]
[SourceTitle "CBM 196 Extra"]
[Source "ChessBase"]
[SourceDate "2020.07.31"]
[SourceVersion "1"]
[SourceVersionDate "2020.07.31"]
[SourceQuality "1"]

1. d4 Nf6 2. Nf3 e6 3. c4 d5 4. Nc3 a6 5. cxd5 exd5 6. Bg5 Be6 7. e3 Nbd7 8. Bd3 Bd6 9. 0-0 h6 10. Bh4 0-0 11. Rc1 b5 12. e4 dxe4 13. Nxe4 Be7 14. Nc5 Nxc5 15. dxc5 Qd5 16. Bb1 Rad8 17. Qc2 g6 18. Qc3 g5 19. Bg3 Ne4 20. Bxe4 Qxe4 21. Bxc7 Rc8 22. Bb6 b4 23. Qd4 Qxd4 24. Nxd4 Bxa2 25. Nf5 Bf6 26. c6 Be6 27. Nd6 Rb8 28. Bc5 Bxb2 29. c7 Bxc1 30. cxb8Q Rxb8 31. Rxc1 b3 32. Ba3 a5 33. Kf1 a4 34. Rb1 Rb6 35. Ke2 Rc6 36. Ke3 Rc2 37. Rb2 Rc6 38. Kd4 Kh7 39. Ne4 Bf5 40. f3 Kg6 41. g4 Bc8 42. Nc5 f5 43. h3 h5 44. gxh5+ Kxh5 45. Rg2 Kh4 46. Nd3 Rg6 47. Ne5 Rg7 48. Bf8 Rh7 49. Ng6+ Kxh3 50. Rxg5 b2 51. Nf4+ Kh2 52. Rg2+ Kh1 53. Rxb2 Rd7+ 54. Ke3 a3 55. Bxa3 Rb7 56. Rc2 Bd7 57. Kf2 Rb3 58. Bd6 Rb1 59. Ne2 Bb5 60. Ng3+ Kh2 61. Nxf5+ Kh3 62. Ne3 Bd3 63. Rd2 Bb5 64. f4 Kh4 65. Be7+ Kh5 66. Bg5 Kg6 67. Rd6+ Kf7 68. Kf3 Rc1 69. f5 Bc6+ 70. Kf4 Bb5 71. Ke5 Rc5+ 72. Rd5 Rxd5+ 73. Nxd5 Bd7 74. f6 Kg6 75. Bd2 Kf7 76. Bc3 Ba4 77. Ne3 Bb3 78. Nf5 Kg6 79. Nd6 Kh7 80. f7 Kg7 81. Kf5+ Kf8 82. Kg6 Bc2+ 83. Kf6 Bb3 84. Bd2 Bxf7 85. Nxf7 Ke8 86. Ke6 Kf8 87. Bc3 Ke8 88. Bd4 Kf8 89. Bc5+ Ke8 90. Bd4 Kf8 91. Bf6 Ke8 92. Be5 Kf8 93. Bd6+ Ke8 94. Bf4 Kf8 95. Bc7 Ke8 96. Ne5 Kf8 97. Kf6 Ke8 98. Ba5 Kf8 99. Ke6 Ke8 100. Nf7 Kf8 101. Ng5 Ke8 102. Ne4 Kf8 103. Nf6 Kg7 104. Bb4 Kg6 105. Bd2 Kg7 106. Nd5 Kf8 107. Ne7 Ke8 108. Ba5 Kf8 109. Nf5 Ke8 110. Ng7+ Kf8 111. Kf6 Kg8 112. Kg6 Kf8 113. Bb4+ Kg8 114. Nf5 Kh8 115. Ba3 Kg8 116. Nh6+ Kh8 117. Bb2# 1-0

[Event "EU-ch Online 2300+ Qual"]
[Site "Chess.com INT"]
[Date "2020.05.29"]
[Round "6"]
[White "Peycheva, Gergana"]
[Black "Stromboli, Carlo"]
[Result "1/2-1/2"]
[WhiteElo "2255"]
[BlackElo "2245"]
[PlyCount "129"]
[EventDate "2020.05.29"]
[EventType "swiss"]
[EventRounds "8"]
[EventCountry "NET"]
[SourceTitle "CBM 196 Extra"]
[Source "ChessBase"]
[SourceDate "2020.07.31"]
[SourceVersion "1"]
[SourceVersionDate "2020.07.31"]
[SourceQuality "1"]

1. d4 Nf6 2. c4 e6 3. Nc3 Bb4 4. e3 0-0 5. Bd3 c5 6. Nge2 b6 7. a3 Ba5 8. 0-0 Bxc3 9. Nxc3 Bb7 10. b4 d5 11. bxc5 bxc5 12. cxd5 cxd4 13. exd4 Nxd5 14. Ne4 Nc6 15. Be3 Rb8 16. Qh5 f5 17. Ng5 Nf6 18. Qh4 Re8 19. Bc4 Qd7 20. Rfd1 Na5 21. Bf1 h6 22. Nh3 Qf7 23. Qg3 Nc6 24. Rab1 Ne4 25. Qf3 Nc3 26. Rxb7 Qxb7 27. Rc1 Nd5 28. Nf4 Nxf4 29. Bxf4 Rbc8 30. g3 Qd7 31. Rd1 Nxd4 32. Qe3 e5 33. Bxe5 Rxe5 34. Rxd4 Rxe3 35. Rxd7 Rxa3 36. Kg2 Ra2 37. Rd4 Rcc2 38. Bc4+ Kh7 39. Bxa2 Rxa2 40. h4 Kg6 41. Kf3 a5 42. Rd6+ Kf7 43. Ra6 a4 44. Ra7+ Kf6 45. Ra6+ Ke5 46. Ra5+ Kf6 47. Ra6+ Kf7 48. Ra7+ Kg6 49. Ra6+ Kh5 50. Ra5 g6 51. Ra8 a3 52. Ra5 Ra1 53. Kf4 a2 54. f3 g5+ 55. hxg5 hxg5+ 56. Kxf5 Rf1 57. g4+ Kh4 58. Rxa2 Rxf3+ 59. Kg6 Rg3 60. Kf5 Rf3+ 61. Kg6 Rf4 62. Rh2+ Kg3 63. Rh5 Rxg4 64. Rxg5 Rxg5+ 65. Kxg5 1/2-1/2

[Event "Cesenatico op 23rd"]
[Site "Cesenatico"]
[Date "2019.09.05"]
[Round "5"]
[White "Carbone, Stefano"]
[Black "Stromboli, Carlo"]
[Result "1/2-1/2"]
[WhiteElo "2138"]
[BlackElo "2270"]
[PlyCount "36"]
[EventDate "2019.09.01"]
[EventType "swiss"]
[EventRounds "9"]
[EventCountry "ITA"]
[SourceTitle "EXT 2020"]
[Source "ChessBase"]
[SourceDate "2019.10.17"]
[SourceVersion "1"]
[SourceVersionDate "2019.10.17"]
[SourceQuality "1"]

1. Nf3 d5 2. g3 Nc6 3. d4 Bf5 4. Bg2 Nb4 5. Na3 e6 6. c3 Nc6 7. Nc2 Nf6 8. 0-0 h6 9. Ne3 Be4 10. b3 Bd6 11. Bb2 0-0 12. c4 Re8 13. Rc1 Bf8 14. Ne5 Nxe5 15. dxe5 Bxg2 16. Kxg2 Nd7 17. cxd5 exd5 18. Qxd5 c6 1/2-1/2

[Event "Cesenatico op 23rd"]
[Site "Cesenatico"]
[Date "2019.09.04"]
[Round "4"]
[White "Stromboli, Carlo"]
[Black "Djuric, Stefan"]
[Result "0-1"]
[WhiteElo "2270"]
[BlackElo "2358"]
[PlyCount "89"]
[EventDate "2019.09.01"]
[EventType "swiss"]
[EventRounds "9"]
[EventCountry "ITA"]
[SourceTitle "EXT 2020"]
[Source "ChessBase"]
[SourceDate "2019.10.17"]
[SourceVersion "1"]
[SourceVersionDate "2019.10.17"]
[SourceQuality "1"]

1. e4 c5 2. Nf3 Nc6 3. c3 Nf6 4. e5 Nd5 5. d4 cxd4 6. cxd4 d6 7. Bc4 e6 8. exd6 Qxd6 9. 0-0 Be7 10. Nc3 0-0 11. Re1 a6 12. Ne4 Qd8 13. Ne5 Qc7 14. Nxc6 Qxc6 15. Bb3 b6 16. Qh5 Bb7 17. Bg5 Bb4 18. Rac1 Qd7 19. Nc3 Rac8 20. Bd2 Nf6 21. Qh4 Rfd8 22. Be3 Nd5 23. Bd2 Be7 24. Qh3 b5 25. Ne4 Rxc1 26. Rxc1 Nf6 27. Nxf6+ Bxf6 28. Ba5 Rc8 29. Rd1 Bd5 30. Qd3 Bxb3 31. axb3 Qxd4 32. Bc3 Qxd3 33. Rxd3 b4 34. Bd2 a5 35. Kf1 h6 36. Rd7 Rc2 37. Be3 Rxb2 38. Ra7 Ra2 39. Ke1 Ra3 40. Kd1 Rxb3 41. Rxa5 Rb1+ 42. Kc2 Rb2+ 43. Kd3 b3 44. Rb5 Rb1 45. Ke4 0-1

[Event "Porto San Giorgio op"]
[Site "Porto San Giorgio"]
[Date "2017.08.23"]
[Round "1"]
[White "Stromboli, Carlo"]
[Black "De Carlo, Fabio"]
[Result "1-0"]
[WhiteElo "2318"]
[BlackElo "2009"]
[PlyCount "81"]
[EventDate "2017.08.23"]
[EventType "swiss"]
[EventRounds "9"]
[EventCountry "ITA"]
[SourceTitle "CBM 180 Extra"]
[Source "ChessBase"]
[SourceDate "2017.10.06"]
[SourceVersion "1"]
[SourceVersionDate "2017.10.06"]
[SourceQuality "1"]

1. e4 c5 2. Nf3 d6 3. d4 cxd4 4. Nxd4 Nf6 5. Nc3 a6 6. Be3 e6 7. g4 b5 8. Bg2 Bb7 9. g5 Nfd7 10. Qe2 Be7 11. h4 Nb6 12. Rd1 N8d7 13. Qg4 Ne5 14. Qg3 Nbc4 15. Bc1 b4 16. Nce2 Qa5 17. 0-0 Nc6 18. Qb3 Nxd4 19. Rxd4 d5 20. exd5 exd5 21. Nf4 Qc5 22. Rxc4 dxc4 23. Qa4+ Qb5 24. Qxb5+ axb5 25. Bxb7 Rxa2 26. Bc6+ Kd8 27. Bxb5 c3 28. bxc3 bxc3 29. Bc4 Ra1 30. Bxf7 Bc5 31. Bb3 Kd7 32. Rd1+ Kc6 33. Nd3 Ba3 34. Re1 Bxc1 35. Nxc1 Rd8 36. Kg2 h6 37. Re6+ Rd6 38. Rxd6+ Kxd6 39. gxh6 gxh6 40. Ne2 Ra7 41. Nxc3 1-0

[Event "ITA-chT 49th"]
[Site "Gallipoli"]
[Date "2017.04.30"]
[Round "6.2"]
[White "Shytaj, Luca"]
[Black "Stromboli, Carlo"]
[Result "1/2-1/2"]
[WhiteElo "2456"]
[BlackElo "2317"]
[PlyCount "48"]
[EventDate "2017.04.27"]
[EventType "team-swiss"]
[EventRounds "7"]
[EventCountry "ITA"]
[SourceTitle "CBM 178 Extra"]
[Source "ChessBase"]
[SourceDate "2017.06.22"]
[SourceVersion "1"]
[SourceVersionDate "2017.06.22"]
[SourceQuality "1"]
[WhiteTeam "Chieti"]
[BlackTeam "Partenopea"]
[WhiteTeamCountry "ITA"]
[BlackTeamCountry "ITA"]

1. d4 Nf6 2. Bg5 Ne4 3. Bf4 d5 4. e3 e6 5. Nd2 Nxd2 6. Qxd2 Bd6 7. Bg3 c5 8. c3 Nc6 9. f4 a6 10. Nf3 b5 11. Ne5 Bb7 12. Bd3 c4 13. Bc2 f5 14. Bf2 Nxe5 15. fxe5 Be7 16. 0-0 h5 17. Rfb1 Bc6 18. b3 Kf7 19. Qe2 g6 20. Be1 Qd7 21. Bd2 a5 22. bxc4 bxc4 23. Rb6 Qc7 24. Rab1 Rab8 1/2-1/2

[Event "ITA-chT 46th"]
[Site "Condino"]
[Date "2014.05.02"]
[Round "4.2"]
[White "Stromboli, Carlo"]
[Black "Rombaldoni, Axel"]
[Result "0-1"]
[WhiteElo "2332"]
[BlackElo "2513"]
[PlyCount "60"]
[EventDate "2014.04.30"]
[EventType "team-swiss"]
[EventRounds "7"]
[EventCountry "ITA"]
[SourceTitle "CBM 160 Extra"]
[Source "ChessBase"]
[SourceDate "2014.07.01"]
[SourceVersion "1"]
[SourceVersionDate "2014.07.01"]
[SourceQuality "1"]
[WhiteTeam "Partenopea Westend"]
[BlackTeam "WorldtradingLab"]
[WhiteTeamCountry "ITA"]
[BlackTeamCountry "ITA"]

1. c4 e5 2. g3 h5 3. h4 Bc5 4. d3 Nf6 5. Nc3 Ng4 6. Ne4 d6 7. Bg2 Bb6 8. Nh3 Bf5 9. Qb3 Nc6 10. e3 Qd7 11. Bd2 0-0-0 12. 0-0-0 f6 13. a3 d5 14. cxd5 Qxd5 15. Qxd5 Rxd5 16. Kc2 Rhd8 17. Bc1 a5 18. Rhe1 a4 19. f3 Bxe4 20. fxe4 Rc5+ 21. Kb1 Rxc1+ 22. Rxc1 Bxe3 23. Rcd1 Nd4 24. Rg1 g6 25. Bf3 Nh2 26. Rge1 Bd2 27. Re2 Nhxf3 28. Rdxd2 Nxe2 29. Rxe2 Rxd3 30. Kc2 Rb3 0-1

[Event "ITA-chT 46th"]
[Site "Condino"]
[Date "2014.05.01"]
[Round "2.1"]
[White "Dvirnyy, Danyyil"]
[Black "Stromboli, Carlo"]
[Result "1/2-1/2"]
[WhiteElo "2560"]
[BlackElo "2332"]
[PlyCount "139"]
[EventDate "2014.04.30"]
[EventType "team-swiss"]
[EventRounds "7"]
[EventCountry "ITA"]
[SourceTitle "CBM 160 Extra"]
[Source "ChessBase"]
[SourceDate "2014.07.01"]
[SourceVersion "1"]
[SourceVersionDate "2014.07.01"]
[SourceQuality "1"]
[WhiteTeam "Padova Obiettivo"]
[BlackTeam "Partenopea Westend"]
[WhiteTeamCountry "ITA"]
[BlackTeamCountry "ITA"]

1. c4 Nf6 2. g3 e6 3. Bg2 d5 4. Nf3 Be7 5. 0-0 0-0 6. b3 c5 7. Bb2 b6 8. e3 Bb7 9. Nc3 Nbd7 10. Qe2 Ne4 11. cxd5 exd5 12. d4 Ndf6 13. Rfd1 Nxc3 14. Bxc3 Ne4 15. Bb2 Bf6 16. Ne5 cxd4 17. Bxd4 Qe7 18. Qb2 Rac8 19. Nf3 Rc7 20. Rdc1 Rfc8 21. Bh3 Rxc1+ 22. Rxc1 Rxc1+ 23. Qxc1 h6 24. Bc8 Bxd4 25. Nxd4 Nd6 26. Bf5 Qd8 27. Bd3 Qd7 28. f3 Qe7 29. Kf2 Qd7 30. h4 Qd8 31. Qc3 Qd7 32. Ne2 Ne8 33. Qe5 Kf8 34. Nc3 Qd6 35. Qxd6+ Nxd6 36. Bf1 Ke7 37. Bh3 Ne8 38. Nb5 a6 39. Nd4 Nd6 40. Ke2 Kd8 41. Kd2 Kc7 42. Bf1 Bc8 43. Bd3 Ne8 44. Kc3 Kd6 45. b4 Nc7 46. a4 a5 47. bxa5 bxa5 48. Bf5 Ne6 49. Nb3 Bd7 50. Nxa5 Bxa4 51. Nb7+ Ke5 52. Bh3 g5 53. hxg5 hxg5 54. Bxe6 fxe6 55. Nc5 Bd1 56. f4+ gxf4 57. gxf4+ Kf5 58. Kd4 Bc2 59. Na6 Bb1 60. Nb4 Be4 61. Na2 Kg4 62. Nc3 Kf3 63. Nb5 Bf5 64. Nc7 Ke2 65. Ne8 Kf3 66. Nd6 Bb1 67. Nf7 Bf5 68. Ng5+ Ke2 69. Nxe6 Bxe6 70. e4 1/2-1/2

[Event "Campobasso op 20th"]
[Site "Campobasso"]
[Date "2013.08.03"]
[Round "4"]
[White "Vuelban, Virgilio"]
[Black "Stromboli, Carlo"]
[Result "0-1"]
[WhiteElo "2301"]
[BlackElo "2328"]
[PlyCount "78"]
[EventDate "2013.08.02"]
[EventType "swiss"]
[EventRounds "6"]
[EventCountry "ITA"]
[SourceTitle "EXT 2015"]
[Source "ChessBase"]
[SourceDate "2014.11.20"]
[SourceVersion "1"]
[SourceVersionDate "2014.11.20"]
[SourceQuality "1"]

1. e4 e5 2. Nf3 Nc6 3. d4 exd4 4. Nxd4 Bb4+ 5. c3 Be7 6. Nxc6 bxc6 7. Bd3 d6 8. 0-0 Nf6 9. Qa4 Bd7 10. Qc2 0-0 11. Nd2 Re8 12. f4 Bf8 13. Nf3 h6 14. Bd2 c5 15. c4 Bc6 16. Rae1 Rb8 17. Bc3 Nh5 18. Qd2 Qc8 19. f5 Qb7 20. Qc2 Be7 21. e5 Bxf3 22. f6 gxf6 23. exf6 Bxf6 24. Rxe8+ Rxe8 25. Rxf3 Bxc3 26. bxc3 Re5 27. Bg6 fxg6 28. Qxg6+ Ng7 29. Rf7 Re1+ 30. Kf2 Qb2+ 31. Kxe1 Qxc3+ 32. Kf2 Qd4+ 33. Kg3 Qc3+ 34. Kf2 Qd4+ 35. Kg3 Qc3+ 36. Rf3 Qxc4 37. Qxh6 Qxa2 38. Qg5 Qe6 39. Rf6 Qxf6 0-1

[Event "Campobasso op 20th"]
[Site "Campobasso"]
[Date "2013.08.02"]
[Round "2"]
[White "Lazic, Miroljub"]
[Black "Stromboli, Carlo"]
[Result "1/2-1/2"]
[WhiteElo "2457"]
[BlackElo "2328"]
[PlyCount "70"]
[EventDate "2013.08.02"]
[EventType "swiss"]
[EventRounds "6"]
[EventCountry "ITA"]
[SourceTitle "EXT 2015"]
[Source "ChessBase"]
[SourceDate "2014.11.20"]
[SourceVersion "1"]
[SourceVersionDate "2014.11.20"]
[SourceQuality "1"]

1. c4 c5 2. g3 Nc6 3. Bg2 Nf6 4. Nc3 e6 5. Nf3 d5 6. b3 Be7 7. 0-0 0-0 8. d3 d4 9. Na4 e5 10. e3 Rb8 11. Ba3 b6 12. exd4 exd4 13. Bc1 Bd6 14. Bg5 h6 15. Bxf6 Qxf6 16. Nd2 Bb7 17. Ne4 Qg6 18. f4 f5 19. Nxd6 Qxd6 20. Bd5+ Kh7 21. Qf3 Rbe8 22. Rae1 Qd7 23. Nb2 Ba8 24. a3 Ne7 25. Bxa8 Rxa8 26. Re2 Rae8 27. Rfe1 Nc6 28. Qd5 Rxe2 29. Rxe2 Rd8 30. Qxd7 Rxd7 31. Re6 Rc7 32. Rd6 Kg8 33. Rd5 Rf7 34. Rd6 Rc7 35. Rd5 Rf7 1/2-1/2

[Event "Pardubice Czech op-A 24th"]
[Site "Pardubice"]
[Date "2013.07.21"]
[Round "3"]
[White "Stromboli, Carlo"]
[Black "Semcesen, Daniel"]
[Result "0-1"]
[WhiteElo "2326"]
[BlackElo "2447"]
[PlyCount "86"]
[EventDate "2013.07.19"]
[EventType "swiss"]
[EventRounds "9"]
[EventCountry "CZE"]
[SourceTitle "CBM 155 Extra"]
[Source "ChessBase"]
[SourceDate "2013.08.26"]
[SourceVersion "1"]
[SourceVersionDate "2013.08.26"]
[SourceQuality "1"]

1. e4 e5 2. Nf3 Nc6 3. d4 exd4 4. Bc4 d6 5. Nxd4 g6 6. Nc3 Bg7 7. Nxc6 bxc6 8. 0-0 Ne7 9. Be3 0-0 10. Bd4 c5 11. Bxg7 Kxg7 12. Re1 Be6 13. Qe2 Nc6 14. Nd5 Rb8 15. Rab1 Ne5 16. Bb3 Bxd5 17. Bxd5 Qf6 18. c3 Rb6 19. Rf1 g5 20. f3 Kh8 21. g3 Ng6 22. Qd2 Rbb8 23. Kh1 Rg8 24. Rbe1 Rg7 25. Re2 h5 26. Ref2 Rbg8 27. Bb3 h4 28. g4 Nf4 29. Qe3 Qe5 30. Rd2 Rb8 31. Rfd1 a5 32. Qf2 Rb6 33. Qf1 Qf6 34. Qc4 Ng6 35. Rf1 Ne5 36. Qa4 Rg8 37. Rdf2 Qf4 38. Bc4 Rgb8 39. b3 h3 40. Qa3 Nxc4 41. bxc4 Rb1 42. Kg1 Qe3 43. Qc1 Rxc1 0-1

[Event "Montesilvano Adriatico op 2nd"]
[Site "Montesilvano"]
[Date "2013.03.02"]
[Round "3"]
[White "Stromboli, Carlo"]
[Black "Quimi, Marco"]
[Result "0-1"]
[WhiteElo "2336"]
[BlackElo "2163"]
[PlyCount "88"]
[EventDate "2013.03.01"]
[EventType "swiss"]
[EventRounds "5"]
[EventCountry "ITA"]
[SourceTitle "CBM 153 Extra"]
[Source "ChessBase"]
[SourceDate "2013.04.22"]
[SourceVersion "1"]
[SourceVersionDate "2013.04.22"]
[SourceQuality "1"]

1. e4 e5 2. d4 exd4 3. Qxd4 Nc6 4. Qe3 Nf6 5. Nc3 Bb4 6. Bd2 0-0 7. 0-0-0 Re8 8. Bc4 d6 9. f3 Ne5 10. Bb3 Be6 11. Nd5 Nxd5 12. Bxd5 Bxd5 13. Bxb4 Be6 14. Bc3 f6 15. g4 Qe7 16. Ne2 a5 17. Kb1 b5 18. Nf4 b4 19. Bd4 Nc4 20. Qd3 a4 21. Nd5 Bxd5 22. exd5 Qe2 23. b3 axb3 24. axb3 Na3+ 25. Kc1 Nb5 26. Rhe1 Qxd3 27. Rxe8+ Rxe8 28. Rxd3 Re1+ 29. Kb2 Re2 30. Be3 Rxh2 31. Bd2 Na3 32. Rd4 Kf8 33. Kc1 Rh1+ 34. Kb2 Rb1+ 35. Ka2 Rd1 36. Kb2 Nb1 37. Rxb4 Nxd2 38. Rb8+ Ke7 39. Rc8 Kd7 40. Rg8 g5 41. Rg7+ Kc8 42. Rxh7 Nxf3 43. Rf7 Rxd5 44. Rxf6 Nh2 0-1

[Event "Barcelona Sants op 14th"]
[Site "Barcelona"]
[Date "2012.08.24"]
[Round "8"]
[White "Stromboli, Carlo"]
[Black "Debray, Christopher"]
[Result "1/2-1/2"]
[WhiteElo "2328"]
[BlackElo "2383"]
[PlyCount "68"]
[EventDate "2012.08.17"]
[EventType "swiss"]
[EventRounds "10"]
[EventCountry "ESP"]
[SourceTitle "CBM 150 Extra"]
[Source "ChessBase"]
[SourceDate "2012.10.19"]
[SourceVersion "1"]
[SourceVersionDate "2012.10.19"]
[SourceQuality "1"]

1. e4 c5 2. Nf3 d6 3. Bb5+ Nd7 4. c3 Ngf6 5. Bd3 e5 6. 0-0 Be7 7. Re1 Nf8 8. Bb5+ Bd7 9. Bxd7+ N8xd7 10. d4 0-0 11. Nbd2 cxd4 12. cxd4 Rc8 13. Nf1 Re8 14. Ng3 Bf8 15. b3 exd4 16. Bb2 Nc5 17. Qxd4 d5 18. exd5 Qxd5 19. Rxe8 Rxe8 20. Re1 Rxe1+ 21. Nxe1 Qe6 22. Nf3 Qg4 23. Qd8 Ne6 24. Qc8 Qg6 25. Bxf6 Qb1+ 26. Nf1 gxf6 27. N3d2 Qe1 28. Qxb7 Nd4 29. g3 a5 30. Kg2 Qe6 31. Qa8 Nc6 32. Ne3 h5 33. Qa6 Bh6 34. Qd3 Bxe3 1/2-1/2